Biggest Non Capital Cities that Start with the Same Letter 4 - Statistics

General Stats
  • This quiz has been taken 15 times
  • The average score is 8 of 20
Answer Stats
2nd Biggest City By Letter Capital % Correct
Baranquilla Bogota
92%
Quevedo Quito
77%
Pljevlja Podgorica
69%
Prizren Pristina
69%
Gabane Gaborone
62%
Plzen Prague
62%
Danghara Dushanbe
46%
Perpignan Paris
46%
Moutsamoudou Moroni
38%
Visaginas Vilnius
38%
Baalbek Beirut
31%
Ayolas Asuncion
23%
N/A Gitega
23%
Mili Majuro
23%
Merca Mogadishu
23%
N/A Honiara
15%
Recani Rabat
15%
Dukhan Doha
8%
Maafushi Male
8%
Soyapango San Salvador
8%
No matching quizzes found
Score Distribution
Percent of People with Each Score
Percentile by Number Answered
Your Score History
You have not taken this quiz